Parental selection by genetic analysis and prediction of performance in Sesame (Sesamum indicum L.) (Record no. 74604)

MARC details
000 -LEADER
fixed length control field 00446nam a2200145Ia 4500
100 ## - MAIN ENTRY--AUTHOR NAME
Personal name Alice John
245 #0 - TITLE STATEMENT
Title Parental selection by genetic analysis and prediction of performance in Sesame (Sesamum indicum L.)
260 ## - PUBLICATION, DISTRIBUTION, ETC. (IMPRINT)
Name of publisher Tamil Nadu Agricultural University
Place of publication Madurai
Year of publication 1998
300 ## - PHYSICAL DESCRIPTION
Number of Pages 217
500 ## - GENERAL NOTE
General note Course: Ph. D
500 ## - GENERAL NOTE
General note Not rubber
700 ## - ADDED ENTRY--PERSONAL NAME
Personal name Dr N Subbaraman
942 ## - ADDED ENTRY ELEMENTS (KOHA)
Koha item type Theses
Holdings
Withdrawn status Lost status Damaged status Not for loan Collection code Home library Current library Date acquired Koha item type
      Theses Thesis RRII Library RRII Library 31/12/2021 Theses